Normal view
MARC view
- Calculus
Entry Topical Term
001 - CONTROL NUMBER
- control field: 6620
003 - CONTROL NUMBER IDENTIFIER
- control field: JO-AjAnu
005 - DATE AND TIME OF LATEST TRANSACTION
- control field: 20230606071355.0
008 - FIXED-LENGTH DATA ELEMENTS
- fixed length control field: 230606|| aca||aabn | a|a d
040 ## - CATALOGING SOURCE
- Original cataloging agency: JO-AjAnu
- Transcribing agency: JO-AjAnu
150 ## - HEADING--TOPICAL TERM
- Topical term or geographic name entry element: Calculus
670 ## - SOURCE DATA FOUND
- Source citation: Work cat.: (JO-AjAnu)3430: DAS, DEEPANJAN, RASAJIT KUMAR BERA, author 6619, FRACTIONAL CALCULUS-APPLICATION TO PHYSICAL PROBLEMS: Methods Applied to the Solution of Linear and Nonlinear Fractional Differential Equations